000
00175 a2200097 4500
020
_a
9780545462402
041
_a
eng
100
_a
Miles, Ellen
245
_a
Mocha
942
_c
BK
999
_c
31301
_d
31299